000 00892cam a2200289 a 4500
001 46533
005 20230410105557.0
008 970708s1996 bo a b 000 0 spa c
010 _a 97169906
035 _a(OCoLC)ocm36310080
040 _aNN
_cNYP
_dDLC
035 _a(OCoLC)36310080
042 _apcc
043 _as-bo---
050 1 4 _aHD 1440
_bM321o 1996
082 0 0 _a332.710984
100 1 _aMarconi, Reynaldo.
245 1 0 _aONG's y crédito rural en Bolivia /
_cReynaldo Marconi Ojeda.
260 _a[La Paz, Bolivia] :
_bAsociación de Instituciones Financieras para el Desarrollo Rural,
_c1996.
300 _axii, 74 p. :
_bill. ;
_c21 cm.
504 _aIncludes bibliographical references (p. [47]-48).
650 0 _aRural credit
_zBolivia.
650 0 _aNon-governmental organizations
_zBolivia.
942 _2lcc
_cbk
946 _almminaya
994 _aC0
_bDRFGD
999 _c39573
_d39573